[Event "Douglas IoM op"]
[Site "Douglas"]
[Date "2017.09.25"]
[Round "3"]
[White "Rapport, Jovana"]
[Black "Zahn, Alina"]
[Result "1/2-1/2"]
[WhiteElo "2327"]
[BlackElo "2025"]
[PlyCount "80"]
[EventDate "2017.09.23"]
[EventType "swiss"]
[EventRounds "9"]
[EventCountry "IOM"]
[SourceTitle "CBM 181"]
[Source "ChessBase"]
[SourceDate "2017.11.10"]
[SourceVersion "1"]
[SourceVersionDate "2017.11.10"]
[SourceQuality "1"]

1. Nf3 d5 2. d4 Nf6 3. c4 e6 4. Nc3 Be7 5. cxd5 exd5 6. Bg5 Nbd7 7. e3 c6 8. Bd3 0-0 9. 0-0 Re8 10. Qc2 Nf8 11. Bxf6 Bxf6 12. b4 a6 13. a4 Be7 14. Rfb1 f6 15. a5 Bd6 16. Na4 Bg4 17. Nd2 Qc7 18. Nf1 Bh5 19. Rb2 Bg6 20. Rc1 Qf7 21. Bf5 Bxf5 22. Qxf5 Ne6 23. Nc5 Re7 24. f3 g6 25. Qc2 Rae8 26. Qf2 Ng7 27. Nd3 Nf5 28. Re1 Qf8 29. Rbe2 Qf7 30. g4 Ng7 31. Ng3 Ne6 32. f4 Nc7 33. h4 Nb5 34. Rc1 Kh8 35. g5 Qe6 36. Qf3 Qh3 37. Nf2 Qe6 38. Nd3 Qh3 39. Nf2 Qe6 40. Nd3 Qh3 1/2-1/2

[Event "Wunsiedel op 10th"]
[Site "Wunsiedel"]
[Date "2016.05.05"]
[Round "1"]
[White "Gajewski, Grzegorz"]
[Black "Zahn, Alina"]
[Result "1-0"]
[WhiteElo "2598"]
[BlackElo "2116"]
[PlyCount "95"]
[EventDate "2016.05.05"]
[EventType "swiss"]
[EventRounds "7"]
[EventCountry "GER"]
[SourceTitle "CBM 172 Extra"]
[Source "ChessBase"]
[SourceDate "2016.06.21"]
[SourceVersion "1"]
[SourceVersionDate "2016.06.21"]
[SourceQuality "1"]

1. Nf3 d5 2. g3 c6 3. Bg2 Bg4 4. 0-0 Nd7 5. d3 Ngf6 6. Qe1 e5 7. Nbd2 Bd6 8. e4 0-0 9. h3 Bh5 10. Nh4 Bg6 11. exd5 cxd5 12. Nxg6 hxg6 13. c4 Nc5 14. Qe2 d4 15. b4 Na4 16. c5 Bc7 17. Bxb7 Rb8 18. Qf3 Nc3 19. a3 a5 20. bxa5 Bxa5 21. Nc4 Bc7 22. Re1 Re8 23. Bg5 Re6 24. a4 Qe7 25. c6 Qc5 26. Bxf6 Rxf6 27. Qg4 Re6 28. a5 f5 29. Qg5 e4 30. a6 Nb5 31. Qd2 e3 32. Qa2 exf2+ 33. Kxf2 Rxe1 34. Rxe1 Kh7 35. a7 Nxa7 36. Qa3 Qxa3 37. Nxa3 Rf8 38. Nc4 f4 39. g4 Rf7 40. Kf3 Nb5 41. Re6 g5 42. Ba6 Nc3 43. Bc8 Rf6 44. Re7 Rxc6 45. Bd7 Rc5 46. Bf5+ Rxf5 47. gxf5 Bd8 48. f6 1-0

[Event "BL 1516 (Women)"]
[Site "Germany"]
[Date "2016.03.19"]
[Round "10.4"]
[White "Schulze, Lara"]
[Black "Zahn, Alina"]
[Result "1/2-1/2"]
[WhiteElo "1927"]
[BlackElo "2112"]
[PlyCount "135"]
[EventDate "2015.09.26"]
[EventType "team-tourn"]
[EventRounds "11"]
[EventCountry "GER"]
[SourceTitle "EXT 2017"]
[Source "ChessBase"]
[SourceDate "2016.10.25"]
[SourceVersion "1"]
[SourceVersionDate "2016.10.25"]
[SourceQuality "1"]
[WhiteTeam "Lehrte (W)"]
[BlackTeam "Niederwiesa (W)"]
[WhiteTeamCountry "GER"]
[BlackTeamCountry "GER"]

1. e4 e5 2. Nf3 Nc6 3. Bb5 a6 4. Ba4 Nf6 5. 0-0 b5 6. Bb3 Be7 7. Re1 0-0 8. d4 d6 9. c3 Bg4 10. Be3 Bh5 11. h3 exd4 12. cxd4 Na5 13. Bc2 Nc4 14. Bc1 d5 15. e5 Ne4 16. b3 Nb6 17. Bxe4 dxe4 18. Rxe4 f5 19. Re1 Bxf3 20. Qxf3 Qxd4 21. Qc3 Bc5 22. Be3 Qxc3 23. Nxc3 Bb4 24. Rac1 Rad8 25. Bxb6 cxb6 26. e6 Rfe8 27. Re5 Ba3 28. Rd1 Rxd1+ 29. Nxd1 g6 30. Re2 Rd8 31. Nc3 Be7 32. Re5 Bf6 33. Rd5 Re8 34. Ne2 Rxe6 35. Kf1 Kg7 36. Nf4 Re7 37. Nd3 Kf7 38. Rd6 Re6 39. Rd7+ Re7 40. Rd6 Re6 41. Rd7+ Be7 42. Nf4 Rd6 43. Ra7 a5 44. Ke2 h5 45. g3 Kf6 46. Rc7 Bf8 47. h4 Bh6 48. Rc2 Bxf4 49. gxf4 Ke6 50. Rc8 Kd5 51. Kd3 Ke6+ 52. Ke2 Kd7 53. Rg8 Kc7 54. Ke3 Kd7 55. Ke2 Re6+ 56. Kd3 Kd6 57. a3 Kc7 58. Rg7+ Kc6 59. Rg8 Kd6 60. Rd8+ Ke7 61. Rb8 Rd6+ 62. Ke3 Kd7 63. Rg8 Kc7 64. Rg7+ Kc6 65. Rg8 Re6+ 66. Kd3 Kb7 67. Rg7+ Kc6 68. Rg8 1/2-1/2

[Event "BL 1516 (Women)"]
[Site "Germany"]
[Date "2016.02.27"]
[Round "8.3"]
[White "Zahn, Alina"]
[Black "Rath, Alina"]
[Result "1-0"]
[WhiteElo "2112"]
[BlackElo "2003"]
[PlyCount "57"]
[EventDate "2015.09.26"]
[EventType "team-tourn"]
[EventRounds "11"]
[EventCountry "GER"]
[SourceTitle "EXT 2017"]
[Source "ChessBase"]
[SourceDate "2016.10.25"]
[SourceVersion "1"]
[SourceVersionDate "2016.10.25"]
[SourceQuality "1"]
[WhiteTeam "Niederwiesa (W)"]
[BlackTeam "Kiel Doppelbauer (W)"]
[WhiteTeamCountry "GER"]
[BlackTeamCountry "GER"]

1. e4 c5 2. Nf3 Nc6 3. d4 cxd4 4. Nxd4 Nf6 5. Nc3 d6 6. Bg5 e6 7. Qd2 Be7 8. 0-0-0 0-0 9. f4 Nxd4 10. Qxd4 Qa5 11. Kb1 Rd8 12. Qd2 Qc7 13. Qe1 a6 14. Bd3 h6 15. Bh4 Ne8 16. g4 b5 17. Rg1 g6 18. g5 h5 19. f5 b4 20. Ne2 a5 21. fxg6 fxg6 22. Nf4 e5 23. Nxg6 Be6 24. Nxe7+ Qxe7 25. g6 Nf6 26. Qd2 Rd7 27. g7 Bg4 28. Rdf1 Nxe4 29. Bxe4 1-0

[Event "BL 1516 (Women)"]
[Site "Germany"]
[Date "2016.01.24"]
[Round "7.3"]
[White "Zahn, Alina"]
[Black "Kiefhaber, Veronika"]
[Result "1-0"]
[WhiteElo "2112"]
[BlackElo "2213"]
[PlyCount "97"]
[EventDate "2015.09.26"]
[EventType "team-tourn"]
[EventRounds "11"]
[EventCountry "GER"]
[SourceTitle "EXT 2017"]
[Source "ChessBase"]
[SourceDate "2016.10.25"]
[SourceVersion "1"]
[SourceVersionDate "2016.10.25"]
[SourceQuality "1"]
[WhiteTeam "Niederwiesa (W)"]
[BlackTeam "Karlsruhe (W)"]
[WhiteTeamCountry "GER"]
[BlackTeamCountry "GER"]

1. e4 c5 2. Nf3 g6 3. c4 Nc6 4. d4 cxd4 5. Nxd4 Nf6 6. Nc3 Nxd4 7. Qxd4 d6 8. Be2 Bg7 9. Bg5 0-0 10. Qd2 Be6 11. 0-0 Qa5 12. Rac1 Rfc8 13. b3 a6 14. f4 b5 15. f5 Bd7 16. e5 b4 17. exf6 bxc3 18. Qd4 exf6 19. Bxf6 Bxf6 20. Qxf6 Bxf5 21. Bf3 Ra7 22. Rxc3 Qc5+ 23. Kh1 Qe5 24. Qxe5 dxe5 25. Bd5 Re7 26. Re3 Kg7 27. h3 h5 28. b4 Bd7 29. Rfe1 f6 30. Rc1 Bc6 31. Bxc6 Rxc6 32. c5 f5 33. a4 f4 34. Re4 Rb7 35. Rec4 Kf6 36. Rb1 Ke6 37. Rd1 g5 38. Kg1 g4 39. hxg4 hxg4 40. g3 Rf7 41. b5 axb5 42. axb5 Rc8 43. c6 f3 44. b6 f2+ 45. Kg2 f1Q+ 46. Rxf1 Rxf1 47. Kxf1 Kd5 48. b7 Rf8+ 49. Ke2 1-0

[Event "BL 1516 (Women)"]
[Site "Germany"]
[Date "2015.09.26"]
[Round "1.3"]
[White "Ambartsumova, Karina"]
[Black "Zahn, Alina"]
[Result "0-1"]
[WhiteElo "2284"]
[BlackElo "2112"]
[PlyCount "76"]
[EventDate "2015.09.26"]
[EventType "team-tourn"]
[EventRounds "11"]
[EventCountry "GER"]
[SourceTitle "CBM 168 Extra"]
[Source "ChessBase"]
[SourceDate "2015.10.29"]
[SourceVersion "1"]
[SourceVersionDate "2015.10.29"]
[SourceQuality "1"]
[WhiteTeam "Schwaebisch Hall (W)"]
[BlackTeam "Niederwiesa (W)"]
[WhiteTeamCountry "GER"]
[BlackTeamCountry "GER"]

1. e4 e5 2. Nf3 Nc6 3. d4 exd4 4. Nxd4 Bc5 5. Nb3 Bb6 6. Nc3 d6 7. Qe2 Nf6 8. Bg5 h6 9. Be3 Qe7 10. 0-0-0 0-0 11. f3 Be6 12. g4 Bc4 13. Qf2 Ne5 14. Nd4 Bxf1 15. Nf5 Qe6 16. Rhxf1 Nc4 17. Bd4 Rfe8 18. Nd5 Ne5 19. Kb1 Nxd5 20. exd5 Bxd4 21. Qxd4 Qf6 22. h3 Nd7 23. Qd2 Nc5 24. Rde1 Kf8 25. c3 Rxe1+ 26. Rxe1 Re8 27. Rxe8+ Kxe8 28. Qe3+ Kf8 29. b4 Na4 30. Qxa7 Nxc3+ 31. Kc2 Kg8 32. Qb8+ Kh7 33. Qxc7 Nxd5 34. Qc4 Qe5 35. Qe4 Qc3+ 36. Kb1 Nf6 37. Qd4 Qxf3 38. Nxd6 Qxh3 0-1

[Event "GER-ch U18 Girls"]
[Site "Willingen"]
[Date "2015.05.25"]
[Round "3"]
[White "Gressmann, Hanna"]
[Black "Zahn, Alina"]
[Result "1/2-1/2"]
[WhiteElo "1762"]
[BlackElo "1970"]
[PlyCount "57"]
[EventDate "2015.05.24"]
[EventType "swiss"]
[EventRounds "9"]
[EventCountry "GER"]
[SourceTitle "CBM 166 Extra"]
[Source "ChessBase"]
[SourceDate "2015.06.18"]
[SourceVersion "1"]
[SourceVersionDate "2015.06.18"]
[SourceQuality "1"]

1. e4 e5 2. Nf3 Nc6 3. Bc4 Nf6 4. d3 Bc5 5. c3 0-0 6. 0-0 d5 7. exd5 Nxd5 8. Re1 Bg4 9. h3 Bh5 10. Nbd2 Nb6 11. b4 Be7 12. Qe2 a6 13. Bb3 Kh8 14. Ne4 Nd5 15. Bd2 Re8 16. Ng3 Bg6 17. Nxe5 Nxe5 18. Qxe5 Nf6 19. Qf4 Qxd3 20. Rad1 Bd6 21. Rxe8+ Rxe8 22. Qg5 h6 23. Qh4 Ne4 24. Bxh6 Bxg3 25. fxg3 Qxg3 26. Qxg3 Nxg3 27. Bd2 Re2 28. Bc4 Re8 29. Bb3 1/2-1/2

[Event "GER-ch (Women)"]
[Site "Bad Wiessee"]
[Date "2015.02.07"]
[Round "3"]
[White "Frey, Alisa"]
[Black "Zahn, Alina"]
[Result "0-1"]
[WhiteElo "2104"]
[BlackElo "2090"]
[PlyCount "104"]
[EventDate "2015.02.06"]
[EventType "swiss"]
[EventRounds "9"]
[EventCountry "GER"]
[SourceTitle "CBM 164 Extra"]
[Source "ChessBase"]
[SourceDate "2015.03.02"]
[SourceVersion "1"]
[SourceVersionDate "2015.03.02"]
[SourceQuality "1"]

1. e4 e5 2. Nf3 Nc6 3. Nc3 Nf6 4. a3 d5 5. Bb5 d4 6. Ne2 Bd6 7. d3 a6 8. Bc4 0-0 9. 0-0 Bg4 10. Ng3 Ne7 11. Bg5 Ng6 12. h3 Bd7 13. Nh4 Nxh4 14. Bxh4 b5 15. Ba2 c5 16. Qf3 Be7 17. Nf5 Bxf5 18. Qxf5 Nd7 19. Bg3 Bd6 20. Bd5 Ra7 21. c4 Qb8 22. Bc6 bxc4 23. dxc4 Nb6 24. Rac1 Qc8 25. Qxc8 Rxc8 26. Bd5 Nxd5 27. exd5 Rb7 28. Rc2 Rb3 29. Rd1 Rcb8 30. Rb1 f6 31. f3 Bc7 32. Be1 Rxa3 33. b4 a5 34. b5 f5 35. Rcb2 Bb6 36. Re2 Re8 37. Bg3 e4 38. d6 e3 39. Bf4 Rc3 40. Bg5 h6 41. d7 Ra8 42. Be7 Rxc4 43. Ra2 Kf7 44. d8Q Bxd8 45. Bxd8 Rxd8 46. Rxa5 d3 47. Kf1 Rc2 48. Ke1 Rc1+ 49. Rxc1 d2+ 50. Kd1 dxc1Q+ 51. Kxc1 e2 52. Ra7+ Kf8 0-1

[Event "Muensterland op 32d"]
[Site "Senden"]
[Date "2014.10.17"]
[Round "8"]
[White "Rott, Georg"]
[Black "Zahn, Alina"]
[Result "1/2-1/2"]
[WhiteElo "2175"]
[BlackElo "2024"]
[PlyCount "55"]
[EventDate "2014.10.??"]
[EventType "swiss"]
[EventRounds "9"]
[EventCountry "GER"]
[SourceTitle "EXT 2017"]
[Source "ChessBase"]
[SourceDate "2016.10.25"]
[SourceVersion "1"]
[SourceVersionDate "2016.10.25"]
[SourceQuality "1"]

1. e4 e5 2. Nf3 Nc6 3. Bb5 a6 4. Bxc6 dxc6 5. 0-0 Bg4 6. h3 Bh5 7. g4 Bg6 8. Nxe5 Qh4 9. Qf3 f6 10. Nxg6 hxg6 11. Kg2 g5 12. Rh1 Ne7 13. d3 Qh7 14. Kg1 0-0-0 15. Nd2 Kb8 16. Nc4 Ng6 17. Qf5 Qh6 18. Qa5 Nh4 19. Kf1 g6 20. Be3 f5 21. exf5 gxf5 22. Qc3 Bg7 23. Qb4 Rd5 24. a4 Bf8 25. Qc3 Bg7 26. Qb4 Bf8 27. Qc3 Bg7 28. Qb4 1/2-1/2

[Event "Muensterland op 32d"]
[Site "Senden"]
[Date "2014.10.16"]
[Round "7"]
[White "Zahn, Alina"]
[Black "Peterwitz, Klaus"]
[Result "1/2-1/2"]
[WhiteElo "2024"]
[BlackElo "2125"]
[PlyCount "68"]
[EventDate "2014.10.??"]
[EventType "swiss"]
[EventRounds "9"]
[EventCountry "GER"]
[SourceTitle "EXT 2017"]
[Source "ChessBase"]
[SourceDate "2016.10.25"]
[SourceVersion "1"]
[SourceVersionDate "2016.10.25"]
[SourceQuality "1"]

1. e4 d5 2. exd5 Qxd5 3. Nc3 Qa5 4. d4 c6 5. Bc4 Bf5 6. Bd2 Nf6 7. Nd5 Qd8 8. Nxf6+ gxf6 9. Nf3 e6 10. c3 Nd7 11. Qe2 Qc7 12. Nh4 Bg6 13. Nxg6 hxg6 14. h4 0-0-0 15. 0-0-0 Bh6 16. Bxh6 Rxh6 17. g3 f5 18. f4 Kb8 19. Qe3 Nf6 20. Be2 Rhh8 21. Bf3 Rhe8 22. Rhe1 a6 23. Re2 Rd7 24. Red2 Red8 25. Qe5 Qxe5 26. dxe5 Rxd2 27. Rxd2 Rxd2 28. Kxd2 Nh5 29. Bxh5 gxh5 30. Kd3 c5 31. Kc4 b6 32. a4 Kc7 33. b4 cxb4 34. cxb4 Kc6 1/2-1/2